[Event "EU-chT (Men) 14th"]
[Site "Plovdiv"]
[Date "2003.10.17"]
[Round "6.4"]
[White "Nikolaidis, Ioannis"]
[Black "Borgo, Giulio"]
[Result "1-0"]
[WhiteElo "2467"]
[BlackElo "2419"]
[Annotator "Finkel,A"]
[PlyCount "89"]
[EventDate "2003.10.10"]
[EventType "team-swiss"]
[EventRounds "9"]
[EventCountry "BUL"]
[SourceTitle "CBM 098"]
[Source "ChessBase"]
[SourceDate "2004.02.03"]
[SourceVersion "1"]
[SourceVersionDate "2004.02.03"]
[SourceQuality "1"]
[WhiteTeam "Greece"]
[BlackTeam "Italy"]
[WhiteTeamCountry "GRE"]
[BlackTeamCountry "ITA"]

1. Nf3 d5 2. c4 e6 3. d4 Nf6 4. Bg5 c6 5. Qc2 Nbd7 6. Nbd2 Qa5 7. g3 (7. Bxf6
Nxf6 8. e3 (8. g3 Ne4 9. Bg2 Bb4 10. a3 e5 11. cxd5 Bf5 12. O-O Bxd2 13. Nh4
Nxg3 14. Nxf5 Nxf1 15. dxc6 O-O 16. cxb7 $18 {Kortschnoj,V-Ljubojevic,L/London
1980}) 8... c5 (8... Ne4 9. a3 Nxd2 10. Nxd2 g6 11. Bd3 e5 12. cxd5 exd4 13.
O-O-O Bg7 14. dxc6 O-O 15. Nb3 $16 {Sulypa,A-Bayram,Y/Istanbul 2003}) 9. cxd5
Nxd5 10. Be2 cxd4 11. Nxd4 Bb4 12. N4b3 Qc7 13. Qxc7 Nxc7 14. Rc1 Nd5 15. Bf3
Bd7 16. Bxd5 exd5 17. Nd4 Ke7 $11 {Averbakh,Y-Nei,I/Leningrad 1960}) (7. e3 Ne4
8. Bf4 Ndf6 9. Bd3 Bb4 10. Ke2 Nxd2 11. Nxd2 $14 {Neikirkh,O-Zinn,L/Varna 1960}
) (7. a3 Ne4 (7... dxc4 8. Qxc4 c5 9. dxc5 Qxc5 10. e3 Qxc4 11. Bxc4 Bd6 12.
Ke2 Nb6 $11 {Kharlov,A-Yasinsky,V/Elista 1994}) 8. Bf4 h6 (8... Ndf6 9. e3 Ng4
10. Be2 Bb4 11. Bg3 f5 12. Qd1 Be7 13. b4 $14 {Breahna,R-Diulger,A/Bucharest
2000}) 9. h4 Ndf6 10. c5 Qd8 11. Ne5 Be7 12. Nxe4 Nxe4 13. g3 $14 {
Brenninkmeijer,J-Feinstein,M/New York 1993}) 7... Ne4 8. Be3 Ndf6 (8... Nb6 9.
b3 Bb4 10. Bg2 e5 11. Nxe5 Bf5 12. Nd3 Bxd2+ 13. Bxd2 Qxd2+ 14. Qxd2 Nxd2 15.
Kxd2 dxc4 16. Nc5 $14 {Delemarre,J-Karpatchev,A/Germany 1999}) 9. Bh3 {[%csl
Gg4] It's not very common when white bishop is developed to h3, but under the
cirumstances it's the best way to prevent ng4.} Nxd2 (9... dxc4 10. O-O Nxd2
11. Bxd2 Qb5 12. Bg2 Be7 13. Ne5 O-O 14. Nxc4 Rd8 15. e3 $14) 10. Bxd2 Bb4 11.
O-O $14 Bxd2 12. Nxd2 O-O 13. Bg2 Rd8 14. a3 Qc7 (14... dxc4 15. Nxc4 Qh5 16.
Rfd1 $14) 15. Nf3 a5 16. Rac1 dxc4 17. Qxc4 Qb6 18. Qc2 a4 19. e3 Ra5 20. Ne5
Ra6 21. Rfd1 Bd7 22. Nd3 Ra5 23. Ne5 (23. Nc5 Qa7 24. e4 Be8 25. e5 Nd5 26. Ne4
$16) 23... Raa8 24. Rd2 Be8 25. Nd3 Nd7 26. Rcd1 Ra5 27. h3 Rda8 28. Qc3 c5 29.
d5 $5 (29. dxc5 Nxc5 30. Ne5 Qc7 31. Nc4 Rb5 32. Nd6 Rb3 33. Qc4 Rb8 34. Rc2 b6
35. Nxe8 Rxe8 36. Qxa4 Nxa4 37. Rxc7 $16) 29... exd5 30. Nf4 Nf6 (30... d4 31.
exd4 Nf6 32. dxc5 Rxc5 33. Qe3 Bc6 34. Nd3 Rb5 35. Nb4 $16 {[%csl Rg8]} Qxe3
$140 36. fxe3 Bxg2 37. Rd8+ $18) 31. Nxd5 Nxd5 32. Bxd5 $16 Qc7 33. e4 R5a6 34.
e5 Rh6 35. h4 Rb8 36. Qe3 Qe7 37. f4 b5 38. f5 c4 39. Kh2 Rhb6 40. e6 fxe6 41.
Bxe6+ Kh8 42. Qg5 Qf8 $6 (42... Qc5) 43. Rd8 Qf6 $6 (43... Rxd8 44. Rxd8 Rd6
45. Rc8 Rxe6 46. fxe6 Qf2+ 47. Kh3 Qf1+ 48. Kg4 Qd1+ 49. Kf4 Qd4+ 50. Kf3 Qd1+
51. Ke4 $18) 44. Qxf6 gxf6 45. Bf7 1-0

[Event "EU-ch 13th"]
[Site "Plovdiv"]
[Date "2012.03.23"]
[Round "4"]
[White "Fridman, Daniel"]
[Black "Pridorozhni, Aleksei"]
[Result "1-0"]
[WhiteElo "2653"]
[BlackElo "2524"]
[Annotator "Fridman,D"]
[PlyCount "105"]
[EventDate "2012.03.20"]
[EventType "swiss"]
[EventRounds "11"]
[EventCountry "BUL"]
[SourceTitle "CBM 148"]
[Source "ChessBase"]
[SourceDate "2012.05.16"]
[SourceVersion "1"]
[SourceVersionDate "2012.05.16"]
[SourceQuality "1"]

1. c4 e6 2. g3 d5 3. Bg2 c6 4. Qc2 Nf6 5. Nf3 dxc4 6. Qxc4 b5 7. Qb3 Bb7 8. d4
{Das ist ungenau an dieser Stelle.} ({Besser ist} 8. O-O a6 9. a4) 8... a6 $1
9. O-O c5 10. dxc5 Nbd7 {Schwarz hat bequemes Spiel und Weiß muss sogar
aufpassen, um nicht in eine schlechtere Stellung zu geraten.} 11. Be3 Bxc5 {
Ich denke 11...Nc5 ist noch etwas besser.} (11... Nxc5 12. Qc2 Rc8 13. Rd1 Ncd7
) 12. Bxc5 Nxc5 13. Qb4 Rc8 14. Rc1 {Meine Idee die schwarze Rochade zu
verhindern ist richtig. Leider habe ich etwas übersehen.} (14. Nc3 O-O 15. Rfd1
Qc7 $11) 14... Nd3 {Zum Glück sieht es mein Gegner auch nicht.} (14... O-O $1 {
Schwarz kann trotzdem rochieren!} 15. Nbd2 (15. Rxc5 $2 Qd6 16. Rxb5 Qd1+ 17.
Qe1 Qxe1+ 18. Nxe1 axb5 19. Na3 $15)) 15. Rxc8 Nxb4 16. Rxd8+ Kxd8 17. Nc3 {
Weiß hat ein minimal besseres Endspiel.} Ke7 18. Ne5 Bxg2 19. Kxg2 Nd7 20. Nxd7
Kxd7 21. a3 Nd5 ({Genauer} 21... Nc6 22. Ne4 Kc7 23. Rc1 (23. Ng5 h6) 23... h6)
22. Rd1 Kc6 23. Ne4 ({Die Stellung mit dem Isolani gibt nur sehr wenige
Gewinnchancen:} 23. Nxd5 exd5 24. e3 Re8 25. Rc1+ (25. Kf3 Re4) 25... Kd6 26.
Kf3 h5) 23... f6 $6 {Eine unnötige Strukturschwächung; 23...h6 wäre besser
gewesen.} 24. Rc1+ Kb6 25. Nc5 Nc7 (25... Re8 26. Nd7+ Kb7 27. b4 $14) 26. Nd7+
$1 {Wichtiges Zwischenschach, sonst verliert Weiß die Kontrolle über die
d-Linie.} (26. b4 Rd8) 26... Kb7 27. b4 Re8 $6 (27... e5 28. Nc5+ Kb6 29. Rd1
Kc6 30. h4 $14 (30. Rd7 $2 Ne6 $1 $11)) 28. Nc5+ Kb6 29. Rd1 Kc6 30. Rd7 a5 $5
{Nach dem passiven 30...Rg8 hat Schwarz große Schwierigkeiten mit den Zügen.
Es ist fast wie Zugzwang.} (30... Rg8 31. Rf7 e5 32. e4) 31. Rxg7 Nd5 32. Nd3
a4 $1 {Auf einmal bekommt Schwarz Konterchancen und Weiß muss sehr aufpassen.}
33. Rf7 $5 (33. Rxh7 Nb6 34. Ra7 Nc4 35. Ra6+ Kc7) 33... Nc3 (33... f5 $2 34.
Rxh7 Nc3 35. Ne5+ Kd5 36. Rc7 Nb1 (36... Nxe2 37. Rc5+ Kd4 38. Nc6+ Kd3 39.
Rxb5 $18) 37. f4 $18) 34. Rxf6 Nb1 35. Nc5 (35. Rf3 $2 Nxa3 36. Ne5+ Kd5 (36...
Kd6 37. Nf7+ Ke7 38. Rxa3 Kxf7 $11) 37. Nd7 Nc2 38. Nb6+ (38. Nf6+ Ke5 39. Rc3
(39. Nxe8 Ne1+ $19) 39... Kxf6 40. Rxc2 Ke5 $17) 38... Ke4 39. Rc3 Nxb4 40. Rc5
a3 41. Rxb5 Nc2 $15) 35... Kd5 (35... Nxa3 36. Nxe6 Rc8 $1 37. Nf4+ (37. e4 Kd6
38. Nc5+ (38. f4 Nc2) 38... Ke5 $132) 37... Kb7 $132) 36. Rf3 Kc4 (36... Re7 $5
37. g4 (37. Rd3+ Kc4 $44) 37... Kc4 38. Ne4) 37. Nb7 Nxa3 $8 38. Nd6+ Kxb4 39.
Nxe8 Nc2 {Eine sehr interessante Stellung. Weiß hat einfach einen Turm mehr im
Endspiel, aber es ist nicht ganz klar, ob es für den ganzen Punkt reichen wird.
} 40. Rf7 a3 41. Ra7 Kc3 (41... Kb3 42. Nc7 b4 43. Nxe6 $18) 42. Rxh7 $2 {
Weiß übersieht eine unglaubliche Verteidigung!} ({Es gewann} 42. Nc7 $1 b4 43.
Nxe6 b3 44. Nc5 a2 45. f4 a1=Q (45... b2 46. Na4+ Kb3 47. Nxb2 Na3 48. Nc4 Nxc4
49. Rxa2 Kxa2 50. Kf3 $18) 46. Rxa1 Nxa1 47. f5 Kc4 48. Nd3 Kd5 49. Kf3 Nc2 50.
g4 $18) 42... b4 43. Ra7 b3 $2 {Auf diesen Zug hatte Weiß gehoft und auch nur
diesen berechnet. Dabei konnte Schwarz noch einen Bauern opfern und danach
muss schon Weiß ums Remis kämpfen. Dabei hat Weiß doch Turm und 2 Bauern mehr!}
(43... a2 $3 {Es droht ...Na3. Schwarz muss nehmen.} 44. Rxa2 b3 45. Ra7 b2 46.
Rc7+ Kb3 47. Rb7+ Nb4 48. Nc7 b1=Q 49. Na6 Qe4+ 50. Kg1 Qxe2 (50... Qxb7 $4 51.
Nc5+) 51. Rxb4+ Kc2 52. Ra4 Qb5 53. Ra3 Kb2 54. Re3 $11) 44. Nd6 {Jetzt läuft
es wieder nach Plan.} a2 (44... b2 45. Ne4+ Kb3 46. Nd2+ Kc3 47. Nb1+ Kb3 48.
h4 a2 49. Nd2+ Kc3 50. Rxa2 $18) 45. Ne4+ Kb4 (45... Kb2 46. Nc5 $8 Na3 47.
Nd3+ $18) 46. Rb7+ Ka3 47. Nd2 a1=Q 48. Ra7+ Kb4 49. Rxa1 Nxa1 50. Nxb3 Nxb3
51. h4 Nd4 (51... Nc5 52. h5 Nd7 53. h6 Nf8 54. g4 Kc5 55. g5 Kd6 56. Kf3) 52.
h5 Nf5 53. g4 1-0

[Event "Czerniak Memorial 12th"]
[Site "Tel Aviv"]
[Date "1996.??.??"]
[Round "1"]
[White "Har Zvi, Ronen"]
[Black "Shabtai, Ran"]
[Result "1-0"]
[WhiteElo "2510"]
[BlackElo "2340"]
[Annotator "Ftacnik,L"]
[PlyCount "61"]
[EventDate "1996.04.??"]
[EventType "tourn"]
[EventRounds "11"]
[EventCountry "ISR"]
[EventCategory "9"]
[SourceTitle "CBM 053"]
[Source "ChessBase"]
[SourceDate "1996.08.01"]
[SourceVersion "1"]
[SourceVersionDate "1996.08.01"]
[SourceQuality "1"]

1. Nf3 d5 2. d4 c6 3. c4 e6 4. Bg5 Bb4+ (4... Qa5+ 5. Nbd2 dxc4 6. e4 b5 7. Be2
Bb7 8. O-O Nf6 9. Qc2 {1/2-1/2 Schneider-Mooser,S/Ingolstadt op/1989/}) 5. Nbd2
f6 6. a3 (6. Bf4 dxc4 7. Qc2 b5 8. e4 Ne7 9. Be2 Ng6 10. Be3 Bb7 11. h4 Nd7 12.
h5 Ngf8 13. b3 cxb3 14. Qxb3 Qe7 15. O-O a6 16. Rfc1 Bd6 17. a4 Nb8 18. e5 Bb4
19. Ne4 {1-0 Jirovsky,Pa-Malivanek,J/CZE Tschechien-ch (08)/1993/ (25)}) 6...
Bd6 (6... Ba5 7. Bf4 dxc4 8. Qc2 $13) 7. Bh4 Ne7 8. e4 Nd7 (8... dxe4 9. Nxe4
Bc7 10. Bg3 $14) 9. Bg3 Bxg3 10. hxg3 c5 $6 (10... b6 11. Bd3 h6 12. Qa4 Bb7
13. O-O-O $16) 11. exd5 exd5 12. cxd5 Nxd5 (12... cxd4 13. Nxd4 Ne5 14. Ne6
Bxe6 15. dxe6 $16) 13. Bc4 Qe7+ 14. Kf1 (14. Qe2 Qxe2+ 15. Kxe2 N7b6 16. dxc5
Nxc4 17. Nxc4 $14) 14... N7b6 (14... N5b6 15. Ba2 Nf8 16. Qc2 $16) 15. Bxd5
Nxd5 16. Qc2 Be6 (16... cxd4 17. Re1 Be6 18. Nxd4 Nc7 19. Nxe6 Nxe6 20. Qf5 Kf7
21. Nf3 $18) 17. Re1 O-O-O 18. dxc5 Qd7 (18... h6 19. Nd4 Nc7 20. N2f3 $16) 19.
Nc4 (19. Rxh7 $2 Bf5) 19... Bf5 20. Qb3 $1 (20. Nd6+ Qxd6 21. Qxf5+ Qd7 22. Nd4
$16) 20... Qc7 (20... Bg6 21. Nd6+ Kb8 22. Qxd5 $18) 21. Nd6+ Rxd6 22. cxd6
Qxd6 23. Rh4 Kb8 (23... Nb6 24. Qf7 $18) 24. Rd4 Rd8 25. Kg1 Qc5 26. Qd1 Bg6
27. Qd2 $1 (27. Re2 h6 28. Red2 Bf7 $16) 27... Bf7 28. Rd1 g5 29. Ne1 Rd7 30.
Nc2 Be6 31. Ne3 (31. Ne3 Nxe3 (31... Nb6 32. Rxd7 Bxd7 33. Qd6+ Qxd6 34. Rxd6
$18) 32. Qxe3 $18) 1-0

[Event "WchT 2nd"]
[Site "Luzern"]
[Date "1989.??.??"]
[Round "4.1"]
[White "Kortschnoj, Viktor Lvovich"]
[Black "Beliavsky, Alexander G"]
[Result "1/2-1/2"]
[WhiteElo "2655"]
[BlackElo "2620"]
[Annotator "Ftacnik,L"]
[PlyCount "73"]
[EventDate "1989.10.27"]
[EventType "team-tourn"]
[EventRounds "9"]
[EventCountry "SUI"]
[SourceTitle "CBM 016"]
[Source "ChessBase"]
[SourceDate "1990.06.01"]
[SourceVersion "1"]
[SourceVersionDate "1990.06.01"]
[SourceQuality "1"]
[WhiteTeam "Switzerland"]
[BlackTeam "Soviet Union"]
[WhiteTeamCountry "SUI"]
[BlackTeamCountry "URS"]

1. d4 Nf6 2. Nf3 d5 3. c4 e6 4. Bg5 Be7 5. e3 O-O 6. Nbd2 Nbd7 7. Rc1 (7. Bd3
c5 8. O-O cxd4 9. exd4 b6 10. Qe2 Bb7 11. cxd5 Nxd5 12. Qe4 g6 13. Qh4 Bxg5 14.
Nxg5 N7f6 15. Qh6 Re8 16. Ndf3 Re7 17. Ne5 Qf8 $15 {Georgadze,G-Beljavskij,A/
USR-ch Odessa/0-1/64/}) 7... h6 8. Bxf6 (8. Bh4 c5 9. cxd5 Nxd5 10. Bxe7 Qxe7
11. e4 N5b6 $13) 8... Nxf6 $6 (8... Bxf6 9. Bd3 c6 $22 10. O-O e5) 9. c5 $1 Qe8
10. Bd3 Bd7 11. Qc2 Bb5 12. O-O Bxd3 13. Qxd3 c6 14. Qc2 Nd7 15. g3 (15. Rfe1
f5 16. Ne5 Nxe5 17. dxe5 f4 $132) 15... Qb8 16. e4 dxe4 (16... Rc8 $5) 17. Qxe4
Nf6 18. Qe2 Qd8 (18... b6 $5) 19. Nc4 Qd5 20. Rfe1 Rfd8 21. h3 Nd7 22. b4 b5
23. Ne3 (23. Na5 $5 Rac8 24. Rcd1 Bf6 25. Ne5 $36) 23... Qh5 24. Kg2 Bf6 25.
Qc2 a5 26. g4 Qg6 27. Qxg6 fxg6 28. Nc2 Kf7 29. Re4 g5 $1 30. Rce1 Nf8 31. Kf1
axb4 32. Nxb4 Rdc8 33. R1e3 Rc7 34. Ne5+ Bxe5 35. Rxe5 Rd8 36. R5e4 Ng6 37. Ra3
{Ftacnik} 1/2-1/2

[Event "Dortmund"]
[Site "Dortmund"]
[Date "1994.??.??"]
[Round "7"]
[White "Lutz, Christopher"]
[Black "Piket, Jeroen"]
[Result "0-1"]
[WhiteElo "2595"]
[BlackElo "2660"]
[Annotator "Ftacnik,L"]
[PlyCount "122"]
[EventDate "1994.07.??"]
[EventType "tourn"]
[EventRounds "9"]
[EventCountry "GER"]
[EventCategory "16"]
[SourceTitle "CBM 042"]
[Source "ChessBase"]
[SourceDate "1994.10.01"]
[SourceVersion "1"]
[SourceVersionDate "1994.10.01"]
[SourceQuality "1"]

1. d4 d5 2. c4 c6 3. Nf3 e6 4. Bg5 Be7 (4... f6 5. Bd2 $1 dxc4 6. a4 b5 7. Nc3
Qb6 8. e3) 5. Bxe7 Qxe7 6. Nbd2 Nf6 7. e3 O-O 8. Bd3 Nbd7 9. cxd5 (9. O-O e5
$10) 9... exd5 10. O-O Ne4 11. Qc2 Re8 12. Rfe1 $6 (12. Rfc1) 12... Ndf6 13.
Nf1 g6 14. Rab1 a5 15. a3 Be6 16. Ne5 Nd7 17. Nxd7 Qxd7 18. f3 $6 (18. a4 {
/\ b4}) 18... Nd6 19. Ng3 b6 20. Rbd1 f5 21. Nf1 (21. e4 fxe4 22. fxe4 dxe4 23.
Nxe4 Nxe4 24. Bxe4 Bd5 25. Bxd5+ $10) 21... Rac8 22. b4 Qa7 23. Qb2 c5 24. bxc5
bxc5 25. dxc5 Qxc5 26. Rb1 Bf7 $1 27. a4 Nc4 28. Qc3 Qa7 29. Bxc4 (29. Qd4 Qxd4
30. exd4 Rxe1 31. Rxe1 Rb8 32. Rb1 Rxb1 33. Bxb1 Be8 34. Bc2 Nb6 35. Ne3 Kf7 {
/\ Ke6}) 29... Rxc4 30. Qa3 Qe7 $1 31. Qa1 Qe5 32. Nd2 Qxa1 33. Rxa1 Rc3 34.
Kf2 d4 $1 35. exd4 Rd8 36. Re3 Rc2 37. Re2 Rxd4 38. Nf1 Bb3 39. Rxc2 Bxc2 40.
Ne3 Bxa4 41. g3 $2 (41. h4 Kf7 (41... Rxh4 42. g4 fxg4 43. Nxg4 $10) 42. h5 $15
) 41... Kf7 42. f4 (42. h4) 42... Ke6 43. h4 h5 $1 44. Nf1 Kd6 45. Ke3 Re4+ 46.
Kf2 Kc5 47. Nd2 Rb4 48. Rc1+ Kb6 49. Nc4+ Ka6 50. Ne5 Bb5 $1 51. Nxg6 a4 52.
Ra1 Ka5 53. Ne7 Rb2+ 54. Kf3 Rb3+ 55. Kf2 Rb2+ 56. Kf3 Rb3+ 57. Kf2 Bd3 58.
Nc6+ Kb5 $1 59. Nd4+ Kb4 60. Ke3 (60. Nxb3 axb3 61. Ke3 b2 $19) 60... Rc3 61.
Kd2 a3 0-1

[Event "Luzern"]
[Site "Luzern"]
[Date "1989.??.??"]
[Round "?"]
[White "Klinger, Josef"]
[Black "Wahls, Matthias"]
[Result "1-0"]
[WhiteElo "2475"]
[BlackElo "2535"]
[Annotator "Ftacnik,L"]
[PlyCount "133"]
[EventDate "1989.10.??"]
[EventType "tourn"]
[EventRounds "11"]
[EventCountry "SUI"]
[EventCategory "8"]
[SourceTitle "CBM 016"]
[Source "ChessBase"]
[SourceDate "1990.06.01"]
[SourceVersion "1"]
[SourceVersionDate "1990.06.01"]
[SourceQuality "1"]

1. d4 Nf6 2. Nf3 e6 3. c4 c5 4. e3 d5 5. cxd5 exd5 6. Bb5+ Nc6 (6... Bd7 7. Be2
Nc6 8. O-O c4 9. Ne5 Bd6 10. Nxd7 Qxd7 11. Nc3 O-O 12. b3 cxb3 13. axb3 $14 {
Franco,Z-Klinger,J/Luzern/1989/1-0/57/ -> CBM 16}) 7. O-O Bd6 8. Bxc6+ (8. dxc5
Bxc5 9. Qc2 Qd6 10. b3 O-O 11. Bxc6 bxc6 12. Bb2 Bb4 13. Nbd2 Re8 14. Rfc1 Bd7
$10 {Cramling,P-Rodriguez,O/Tarrasa/1989/1/4-1/4/50/}) 8... bxc6 9. Qc2 {N} c4
(9... Qb6 10. b3 $22 O-O 11. Ba3) 10. b3 Ba6 11. Re1 O-O 12. bxc4 Bxc4 13. Ba3
$1 Rc8 14. Bxd6 Qxd6 15. Nbd2 Bb5 16. Rec1 $14 Nd7 17. Nb3 Bc4 18. Nfd2 Bxb3
19. Qxb3 Rc7 (19... c5 20. Qa3 $22 Rc7 21. Nb3) 20. Rc3 Rb8 21. Qc2 Qg6 22. Qa4
Rb2 23. Nb3 Rb1+ 24. Rxb1 Qxb1+ 25. Rc1 Qb2 26. h3 Nb6 27. Qb4 $1 Qxa2 28. Na5
h6 29. Qd6 Qb2 30. Rf1 Rd7 31. Qb8+ Kh7 32. Nxc6 $16 Qa3 33. Ne5 Re7 34. Qf8 f6
35. Nd3 Qd6 36. Nf4 Rd7 37. Qe8 Qe7 38. Qg6+ Kg8 39. Rc1 Qe4 40. Qg4 Qe7 41.
Rc5 Qd6 42. Qf5 Kh8 43. h4 Kg8 44. h5 Kh8 45. Qg6 Kg8 46. Qf5 Rd8 47. Qc2 Rd7
48. Rc6 Qb8 49. Re6 Qf8 50. Qc6 Qd8 51. e4 dxe4 52. Qxe4 Kf8 53. Re5 Qa8 54.
Ng6+ Kf7 55. Re7+ Rxe7 56. Qxe7+ Kg8 57. Qe6+ Kh7 58. Ne7 Qd8 59. d5 a5 60. d6
a4 61. Qe4+ Kh8 62. Ng6+ Kg8 63. Qe6+ Kh7 64. Qe7 Qa8 65. Nf8+ Kh8 66. Ne6 Qg8
67. d7 {Ftacnik} 1-0

[Event "Bern op"]
[Site "Bern"]
[Date "1992.??.??"]
[Round "8"]
[White "Tukmakov, Vladimir B"]
[Black "Kharlov, Andrei"]
[Result "0-1"]
[WhiteElo "2535"]
[BlackElo "2545"]
[Annotator "Ftacnik,L"]
[PlyCount "64"]
[EventDate "1992.02.??"]
[EventType "swiss"]
[EventRounds "9"]
[EventCountry "SUI"]
[SourceTitle "CBM 028"]
[Source "ChessBase"]
[SourceDate "1992.06.01"]
[SourceVersion "1"]
[SourceVersionDate "1992.06.01"]
[SourceQuality "1"]

1. c4 e6 2. Nf3 d5 3. d4 c6 4. Qc2 Nf6 5. g3 dxc4 6. Qxc4 b5 7. Qb3 Nbd7 8. Bg2
Bb7 9. O-O a6 (9... Be7 10. a4 a6 11. Bd2 c5 12. axb5 Bd5 13. Qc2 Be4 14. Qd1
axb5 15. Rxa8 Qxa8 16. dxc5 Nxc5 17. Nc3 {0,5/Horvath,C-Matlak,M/Stary
Smokovec/1991/}) (9... a5 10. Bg5 Qb6 11. a4 h6 12. Bxf6 Nxf6 13. Ne5 Bb4 14.
Nd3 $14 {Razuvaev,Y-Knaak,R/Dortmund/1991/}) 10. a4 c5 $1 11. axb5 Bd5 12. Qc2
Be4 13. Qb3 Bd5 14. Qc2 axb5 15. Rxa8 Qxa8 16. Nc3 Bc6 17. e4 $6 (17. dxc5 b4
18. Nd1 Bxc5 $36) 17... Nxe4 18. dxc5 (18. Ne5 Nxe5 19. Nxe4 cxd4 20. Bf4 d3
21. Qc3 Bxe4 22. Bxe4 Qxe4 23. Bxe5 f6 $17) 18... Nxc3 19. Qxc3 b4 $1 20. Qb3 (
20. Qe3 Bxc5 21. Qe2 O-O $17) 20... Bxc5 (20... Nxc5 21. Qe3 $17) 21. Rd1 O-O
22. Ne1 Bxg2 23. Nxg2 Ne5 24. Be3 Nf3+ 25. Kh1 Be7 26. Qc4 (26. Rd7 $2 Ne1 $19)
26... Rc8 27. Qb5 h6 28. h3 Qe4 29. Qd3 Qxd3 30. Rxd3 Rc2 31. Rb3 g5 32. g4 e5
{Ftacnik,L} 0-1

[Event "Interzonal-15"]
[Site "Manila"]
[Date "1990.??.??"]
[Round "4"]
[White "Vaganian, Rafael A"]
[Black "Ivanovic, Bozidar"]
[Result "1-0"]
[WhiteElo "2630"]
[BlackElo "2520"]
[Annotator "Ftacnik,L"]
[PlyCount "87"]
[EventDate "1990.06.29"]
[EventType "swiss"]
[EventRounds "13"]
[EventCountry "PHI"]
[SourceTitle "CBM 019"]
[Source "ChessBase"]
[SourceDate "1990.12.01"]
[SourceVersion "1"]
[SourceVersionDate "1990.12.01"]
[SourceQuality "1"]

1. Nf3 d5 2. g3 c5 3. Bg2 Nc6 4. d4 Nf6 5. O-O e6 6. c4 Be7 7. cxd5 exd5 8.
dxc5 Bxc5 9. Bg5 O-O 10. Ne1 $5 (10. Nc3 d4 11. Bxf6 Qxf6 12. Nd5 Qd8 13. Nd2)
10... h6 11. Bxf6 Qxf6 12. Nc3 d4 13. Nd5 Qd6 14. Nd3 Bb6 15. a3 Ne7 (15... Be6
16. Nxb6 axb6 $14) 16. Nxb6 Qxb6 (16... axb6 $14) 17. Qd2 Bg4 $6 (17... Bd7 18.
b4 Bc6 $14) 18. Rac1 Rac8 19. b4 $1 Qb5 20. h3 Bf5 (20... Bh5 21. Nf4) 21. Nc5
b6 (21... Nc6 22. Nb3 Rfd8 23. Rc5 Qa4 24. Na5 $1) 22. Nb3 Rfd8 23. Nxd4 Qd7 $6
(23... Rxc1 24. Rxc1 Qd7 25. Qe3 Bxh3 26. Bxh3 Qxh3 27. Qxe7 Rxd4 28. Qe8+ Kh7
29. Qxf7) 24. Nxf5 $1 Qxd2 (24... Qxf5 25. Rxc8 $18) 25. Nxe7+ Kf8 26. Nxc8 Qd7
27. Rfd1 $1 Qxd1+ 28. Rxd1 Rxd1+ 29. Bf1 Rd7 (29... Ra1 30. Nxa7 Rxa3 31. Nc6
$18) 30. e3 Rc7 (30... Ke8 $2 31. Bb5) 31. Nd6 Rc1 32. Kg2 Ra1 33. Nb5 a6 34.
Nc7 a5 35. bxa5 bxa5 36. Nb5 Ke7 37. g4 Kd7 38. Bc4 f6 (38... Kc6 39. Nd4+ Kc5
40. Bxf7 Rxa3 41. Ne6+ Kd6 42. Nxg7 $18) 39. Bb3 Kc6 40. a4 Kc5 41. Nd4 Rb1 42.
Bc2 Rb7 43. Bd3 h5 44. gxh5 {Ftacnik,L} 1-0

[Event "Reykjavik op"]
[Site "Reykjavik"]
[Date "1996.??.??"]
[Round "8"]
[White "Gretarsson, Helgi Ass"]
[Black "Hector, Jonny"]
[Result "0-1"]
[WhiteElo "2450"]
[BlackElo "2520"]
[Annotator "Ftacnik,L"]
[PlyCount "48"]
[EventDate "1996.03.??"]
[EventType "swiss"]
[EventRounds "9"]
[EventCountry "ISL"]
[SourceTitle "CBM 052"]
[Source "ChessBase"]
[SourceDate "1996.06.01"]
[SourceVersion "1"]
[SourceVersionDate "1996.06.01"]
[SourceQuality "1"]

1. d4 d5 2. Nf3 Nf6 3. c4 c6 4. Qc2 e6 5. g3 dxc4 6. Qxc4 b5 7. Qc2 Bb7 8. Bg2
Nbd7 9. a4 (9. O-O c5 10. a4 b4 11. Bg5 Rc8 12. dxc5 Bxc5 13. Qd3 (13. Qd1 O-O
14. Nbd2 h6 15. Bf4 Nd5 16. Nb3 Nxf4 17. gxf4 Qe7 18. Ne1 Bxg2 19. Kxg2 e5 20.
Qd5 exf4 21. Nd3 Nf6 22. Qf3 Bd6 {0-1 Heinig,W-Tischbierek,R/BL 9394/1994/ (34)
}) 13... O-O 14. Nbd2 Qc7 (14... h6 15. Bxf6 Nxf6 16. Qxd8 Rfxd8 17. Nb3 Ne4
18. Ne5 Bd5 19. Nxc5 Nxc5 20. Rfc1 Bxg2 21. Kxg2 f6 22. Nf3 Nb3 23. Rxc8 Rxc8
24. Rd1 Rc2 25. Nd4 Nxd4 26. Rxd4 Rxb2 {1/2-1/2 Verat,L-Prie,E/Cannes op (01)/
1994/ (54)}) 15. Nb3 Be4 16. Qd2 Be7 17. Rfc1 Qb7 18. Qe3 h6 19. Bxf6 Bxf6 20.
Na5 Qa8 21. Rxc8 Rxc8 22. Rc1 Rxc1+ 23. Qxc1 Qd5 {1-0 Prokopisin,V-Taskovits,I/
HUN-chT2 9394/1994/ (47)}) 9... c5 (9... b4 10. a5 c5 11. O-O Rc8 12. dxc5 Bxc5
13. Qa4 O-O 14. Nbd2 Qc7 15. Ne1 e5 16. Bxb7 Qxb7 17. Nb3 e4 18. Bg5 Be7 19.
Rd1 Rfe8 20. Ng2 h6 21. Bxf6 Nxf6 22. Ne3 {1-0 Gavrilov,A-Belikov,V/Moscow op 
(06)/1995/ (41)}) (9... a6 10. Ng5 (10. O-O Be7 11. Nc3 O-O 12. Rd1 Qb6 13. e4
c5 14. e5 Nd5 15. Bg5 Nb4 16. Qd2 Bxg5 17. Qxg5 cxd4 18. Rxd4 Bxf3 19. Rxb4 Qc5
20. Bxf3 Qxb4 21. Bxa8 Rxa8 22. Rd1 Nf8 {0-1 Maroto,J-Luther,T/Olot op/1994/ 
(33)}) 10... Qb6 11. O-O c5 12. Bxb7 Qxb7 13. axb5 axb5 14. Rxa8+ Qxa8 15. dxc5
Bxc5 16. Nc3 b4 17. Nce4 Be7 18. Rd1 h6 19. Nxf6+ Nxf6 20. Nf3 O-O 21. Be3 Rc8
22. Qd3 Rd8 23. Qb1 Rxd1+ 24. Qxd1 Qe4 {Grabarczyk,M-Matlak,M/POL-ch (12)/1993/
1-0 (64)}) 10. axb5 (10. dxc5 Be4 (10... Bxc5 11. axb5 Qb6 12. O-O Ne4 13. e3
Qxb5 14. Nc3 $14) 11. Qb3 bxa4 12. Qxa4 Bxc5 $10) 10... cxd4 11. O-O Bc5 (11...
e5 $6 12. Nxe5 Bxg2 13. Nxd7 Rc8 (13... Bxf1 $2 14. Nxf6+ gxf6 15. Qc6+ Ke7 16.
b3 $18) 14. Nxf6+ gxf6 15. Qa4 Bxf1 16. b6+ Ke7 17. Qxa7+ $14) 12. Qd2 $6 (12.
Rd1 $5 Rc8 (12... Qb6 13. b4 d3 14. exd3 Bxb4 15. Be3 $14) 13. Qa4 d3 14. exd3
Qb6 15. d4 Bxf3 16. Bxf3 Bxd4 17. Qxd4 Qxd4 18. Rxd4 Rxc1+ 19. Rd1 Rc7 $10)
12... e5 13. Qg5 (13. b4 Bb6) 13... h6 14. Qf5 (14. Qxg7 $2 Rh7) 14... Be4 15.
Qh3 {Last four moves with a queen have not improved white's chances.} Bd5 16.
Bg5 (16. b3 Qb6 $17) 16... e4 17. Nfd2 (17. Bxf6 Nxf6 18. Nh4 g6 $17) 17... O-O
18. Bxf6 Nxf6 19. Na3 e3 (19... Qe7 $17) 20. fxe3 (20. Bxd5 exf2+ 21. Rxf2 Qxd5
$17) 20... d3 $1 21. Ndc4 (21. exd3 Bxe3+ $19) (21. Bxd5 Bxe3+ 22. Kg2 dxe2 23.
Rfe1 Qxd5+ 24. Nf3 Qd3 $19) 21... dxe2 22. Rfe1 Rc8 23. Rxe2 $2 (23. Bxd5 Nxd5
24. Rxe2 Qg5 $17) 23... Bxc4 24. Nxc4 Qd3 0-1